LEADER 01527nam a2200301 4500 001 000000362581 003 CaOOAMICUS 005 20250416143841.0 008 250416s1998 xxua 000 u eng r 020 $a0-86597-160-9$c(hb) 020 $a0-86597-161-7$c(pbk) 040 $aSeMil$bita 100 1 $aRommen, Heinrich Albert,$d<1897-1967>.$0(OLS)http://semarc/name/30115 240 14$aDie ewige Wiederkehr des Naturrechts.$0(OLS)http://semarc/title/92186 245 14$aThe natural law :$ba study in legal and social history and philosophy /$cHeinrich A. Rommen ; traduit par Thomas R. Hanley ; introduction and select bibliography by Russell Hittinger. 264 1$aIndianapolis :$bLiberty Fund,$c1998. 300 $aXXXVIII, 278 p., [1] carta di tav. :$britr. ;$c24 cm 650 4$aDiritto naturale.$0(OLS)http://semarc/subject/788 700 1 $aHittinger, Russell.$0(OLS)http://semarc/name/121898 700 1 $aHanley, Thomas R.,$c.$0(OLS)http://semarc/name/121897 850 $aSeMil 852 $aSeMil$W1$xVenegono$y1$m2G VI 26$j256066$B253491$CSeMilBibl$Z2$F253491 $81 961 $aBuzzi mons. Franco - Omaggio 996 $6020$a0-86597-160-9$c(hb)$9(OLS)http://semarc/number/303033 996 $6020$a0-86597-161-7$c(pbk)$9(OLS)http://semarc/number/303034 996 $6245$aThe natural law :$ba study in legal and social history and philosophy$9(OLS)http://semarc/title/453518 996 $6264$aIndianapolis :$bLiberty Fund$9(OLS)http://semarc/publisher/62325 LEADER 00979nam a2200229 i 4500 001 000000100161 003 CaOOAMICUS 005 20021005000000.0 008 021005s1962 xx u000 u und u 013 $a72313 040 $aSeMil$bita 245 10$aTerzo anno del Pontificato :$b28 ottobre 1960 - 28 ottobre 1961. 300 $aXXXII, 859 p., [1] c. di ritratto. 700 0 $aIoannes XXIII,$c.$0(OLS)http://semarc/name/1335 773 0 $aIoannes XXIII $tDiscorsi messaggi colloqui.$d[Cittą del Vaticano] : Tipografia Poliglotta Vaticana, stampa 1960.$g3$w()7480 850 $aSeMil 852 $aSeMil$W1$xVenegono$y1$m600 124 3 *$j57357$B57357$CSeMilBibl$Z2$F67672 $81 900 1 $aRoncalli, Angelo Giuseppe,$d<1881-1963>. 900 0 $aGiovanni XXIII$c. 996 $6245$aTerzo anno del Pontificato :$b28 ottobre 1960 - 28 ottobre 1961$9(OLS)http://semarc/title/147421